Postacie z Biblii #1 - Statystyki

Ogólne statystyki
  • Ten quiz został rozwiązany 181 razy
  • Średni wynik to 12 z 18
Statystyki odpowiedzi
Wskazówka Postać % Poprawnych
Wybudował arkę Noe
99%
Zdradził Jezusa za srebro Judasz
96%
Ochrzcił Jesus Jan Chrzciciel
94%
Zabił Goliata Dawid
92%
Wyprowadził Żydów z Egiptu Mojżesz
90%
Były poborca ​​podatkowy, apostoł Jezusa i autor Ewangelii Mateusz
82%
Wskrzeszony z martwych przez Jezusa Łazarz
78%
Wątpił w zmartwychwstanie Jezusa Tomasz
75%
Żona Abrahama Sara
68%
Sprawiedliwy człowiek, któremu Bóg pozwolił Szatanowi dręczyć Hiob
64%
Jego synowie stali się 12 plemionami Izraela Jakub
64%
Połknięty przez wieloryba Jonasz
59%
Wybudował pałac Salomon
58%
Odkrył, że grób Jezusa był pusty Maria Magdalena
54%
Sprowadził Żydów do Egiptu Józef
51%
Sprzedał swoje prawo pierworództwa powyższemu Ezaw
43%
Trzeci syn Adama i Ewy Set
33%
Stoczył bitwę pod Jerychem Jozue
30%
Nie znaleziono quizów pasujących do podanych kryteriów
Rozkład punktacji
Procent ludzi z każdym wynikiem
Percentyl według liczby udzielonych odpowiedzi
Twoja historia wyników
Nie rozwiązałeś tego quizu